000 005240000a22001690004500
090 _aAR
_b02523
245 1 0 _aNew bog lemming (<Genus Synaptomys>) from Nebraska
650 1 4 _aTaxonomía animal
_98245
650 1 4 _aNuevas especies
_992905
650 1 4 _aEcología
_992250
651 4 _dNebraska
_pEstados Unidos
_992749
653 _gSynaptomys
041 0 _aInglés
100 1 _aJones, J. Knox
_99498
942 _cARTICULO
773 1 _tUniversity of Kansas Publications Museum of Natural History
_3490
_h13
_q387-388
_d1958
_g9
999 _c11588
_d11588